<?xml version="1.0" encoding="UTF-8"?><?xml-stylesheet type="text/xsl" href="static/style.xsl"?><OAI-PMH xmlns="http://www.openarchives.org/OAI/2.0/" xmlns:xsi="http://www.w3.org/2001/XMLSchema-instance" xsi:schemaLocation="http://www.openarchives.org/OAI/2.0/ http://www.openarchives.org/OAI/2.0/OAI-PMH.xsd"><responseDate>2026-04-29T18:50:47Z</responseDate><request verb="GetRecord" identifier="oai:riubu.ubu.es:10259/8075" metadataPrefix="marc">https://riubu.ubu.es/oai/request</request><GetRecord><record><header><identifier>oai:riubu.ubu.es:10259/8075</identifier><datestamp>2023-11-22T01:05:31Z</datestamp><setSpec>com_10259.4_2498</setSpec><setSpec>com_10259_5086</setSpec><setSpec>com_10259_2604</setSpec><setSpec>col_10259.4_2499</setSpec></header><metadata><record xmlns="http://www.loc.gov/MARC21/slim" xmlns:doc="http://www.lyncode.com/xoai" xmlns:xsi="http://www.w3.org/2001/XMLSchema-instance" xmlns:dcterms="http://purl.org/dc/terms/" xsi:schemaLocation="http://www.loc.gov/MARC21/slim http://www.loc.gov/standards/marcxml/schema/MARC21slim.xsd">
<leader>00925njm 22002777a 4500</leader>
<datafield tag="042" ind1=" " ind2=" ">
<subfield code="a">dc</subfield>
</datafield>
<datafield tag="720" ind1=" " ind2=" ">
<subfield code="a">Gil Gascón, Fátima</subfield>
<subfield code="e">author</subfield>
</datafield>
<datafield tag="720" ind1=" " ind2=" ">
<subfield code="a">Chicharro Merayo, María del Mar</subfield>
<subfield code="e">author</subfield>
</datafield>
<datafield tag="260" ind1=" " ind2=" ">
<subfield code="c">2023-05</subfield>
</datafield>
<datafield tag="520" ind1=" " ind2=" ">
<subfield code="a">Esta investigación tiene como objetivo analizar el vestuario femenino en las películas españolas realizadas entre 1939 y 1952. Se parte de la premisa de que el Régimen utilizó las pantallas de cine como una escuela de comportamiento. Un modo aparentemente inocuo de adoctrinar a la población en los principios imperantes en una sociedad dividida y recién salida de una Guerra Civil. Las películas se convirtieron en los planteamientos visuales de lo aceptado y aceptable en cuestiones como el amor, el sexo, las relaciones de género o la forma de vestir. Controlado por la censura, el cine contribuyó a instaurar un código de vestimenta femenino que, además de fijar parámetros estéticos, definía categorías morales. Estableció los límites del pudor, pero también, potenció a partir del desarrollo de las tramas y de la repetición de personajes estereotipados, un sistema que señalara los itinerarios socialmente correctos e incorrectos, las claves del éxito y del fracaso.</subfield>
</datafield>
<datafield tag="520" ind1=" " ind2=" ">
<subfield code="a">This research aims to analyze women's wardrobe in Spanish films made between 1939 and 1952. It is based on the premise that the Regime used movie screens as a school for behavior. This was an apparently harmless way to indoctrinate the population in prevailing principles in a divided society, fresh out of a Civil War. Films became visual proposals of what was accepted and acceptable, not only in terms of love, sex, and gender relations, but also in the way one was to dress. Cinema, controlled by censorship, contributed to instating a female dress code that defined aesthetic parameters, but also moral categories. Films establish the limits of modesty. It was also to promote a system to indicate socially correct and incorrect trajectories, based on the development of plots and the creation of stereotyped characters. The keys to social success and failure.</subfield>
</datafield>
<datafield tag="520" ind1=" " ind2=" ">
<subfield code="a">Esta pesquisa tem como objetivo analisar o guarda-roupa feminino em filmes espanhóis realizados entre 1939 e 1952. Parte-se da premissa de que o Regime utilizava as telas de cinema como escola de comportamento. Uma forma aparentemente inócua de doutrinar a população nos princípios vigentes em uma sociedade dividida que acaba de sair de uma Guerra Civil. Os filmes tornaram-se as declarações visuais do que é aceito e aceitável em questões como amor, sexo, relações de gênero ou modo de vestir. Controlado pela censura, o cinema contribuiu para estabelecer um código de vestimenta feminino que, além de definir parâmetros estéticos, definia categorias morais. Estabelecia os limites do pudor, mas também, através do desenvolvimento das tramas e da repetição de personagens estereotipadas, promovia um sistema que indicava os itinerários socialmente corretos e incorretos, as chaves do sucesso e do fracasso.</subfield>
</datafield>
<datafield tag="024" ind2=" " ind1="8">
<subfield code="a">1415-9945</subfield>
</datafield>
<datafield tag="024" ind2=" " ind1="8">
<subfield code="a">http://hdl.handle.net/10259/8075</subfield>
</datafield>
<datafield tag="024" ind2=" " ind1="8">
<subfield code="a">10.4025/dialogos.v27i1.64106</subfield>
</datafield>
<datafield tag="024" ind2=" " ind1="8">
<subfield code="a">2177-2940</subfield>
</datafield>
<datafield ind1=" " ind2=" " tag="653">
<subfield code="a">Spanish cinema</subfield>
</datafield>
<datafield ind1=" " ind2=" " tag="653">
<subfield code="a">Francoist time</subfield>
</datafield>
<datafield ind1=" " ind2=" " tag="653">
<subfield code="a">Female appareal</subfield>
</datafield>
<datafield ind1=" " ind2=" " tag="653">
<subfield code="a">Censorship</subfield>
</datafield>
<datafield ind1=" " ind2=" " tag="653">
<subfield code="a">Moral</subfield>
</datafield>
<datafield ind1=" " ind2=" " tag="653">
<subfield code="a">Cine español</subfield>
</datafield>
<datafield ind1=" " ind2=" " tag="653">
<subfield code="a">Franquismo</subfield>
</datafield>
<datafield ind1=" " ind2=" " tag="653">
<subfield code="a">Vestuario femenino</subfield>
</datafield>
<datafield ind1=" " ind2=" " tag="653">
<subfield code="a">Censura</subfield>
</datafield>
<datafield ind1=" " ind2=" " tag="653">
<subfield code="a">Moral</subfield>
</datafield>
<datafield ind1=" " ind2=" " tag="653">
<subfield code="a">Cinema espanhol</subfield>
</datafield>
<datafield ind1=" " ind2=" " tag="653">
<subfield code="a">Regime de Franco</subfield>
</datafield>
<datafield ind1=" " ind2=" " tag="653">
<subfield code="a">Vestuário femenino</subfield>
</datafield>
<datafield ind1=" " ind2=" " tag="653">
<subfield code="a">Censura</subfield>
</datafield>
<datafield ind1=" " ind2=" " tag="653">
<subfield code="a">Moral</subfield>
</datafield>
<datafield tag="245" ind1="0" ind2="0">
<subfield code="a">Recatadas y pudorosas: el vestuario de los personajes femeninos españoles como reflejo de las cualidades morales de la mujer en el franquismo (1939-1952)</subfield>
</datafield>
</record></metadata></record></GetRecord></OAI-PMH>